10 math questions grade 6-8 - Statistics

General Stats
  • This quiz has been taken 168 times
  • The average score is 6 of 10
Answer Stats
Hint Answer % Correct
Solve for x: (5x + 2x) + 7 = 21 2
98%
What is -6 x -6? 36
87%
What is the hypotenuse of a triangle with sides 4 and 3? 5
82%
Solve for x: 3x + 10 = 13 1
77%
The area of a square is 20 square inches. John uses a scale model of the square. His ratio is 5:1. What is the area of John's scale drawing in inches? 4
69%
Solve: 2/3 x 2/3 4/9
58%
Solve: 4/8 + 6/16 7/8
53%
Find the area of a triangle with base length 5 and height length 6: 15
42%
Which number is larger: -2 or -5? negative 2
27%
What is 6 x -6? negative 36
26%
No matching quizzes found
Score Distribution
Percent of People with Each Score
Percentile by Number Answered
Your Score History
You have not taken this quiz